000 00631nam a2200241Ia 4500
003 OSt
005 20220912145037.0
006 a|||||r|||| 00| 0
007 ta
008 220909b |||||||| |||| 00| 0 eng d
024 _a74318
037 _cTextbook
040 _aCSL
_beng
_cCSL
041 _aeng
082 _aI:17, J2 CS
100 _aForrest George Ed.
245 0 _aJourneys and plant introductions
260 _aLondon
_bOxford University Press
_c1952
300 _axi, 252p.
_ccm.
650 _aBotany
942 _hI:17, J2 CS
_cTB
_2CC
999 _c21656
_d21656